|
|
|
|
| LEADER |
01248nam a22002537a 4500 |
| 001 |
38203 |
| 003 |
BD-DhAAL |
| 005 |
20220322151619.0 |
| 008 |
220322t1999 ii ||||| |||| 00| 0 ben d |
| 999 |
|
|
|c 43845
|d 43845
|
| 040 |
|
|
|a BD-DhAAL
|
| 041 |
|
|
|a ben
|
| 082 |
|
|
|a 891.44
|2 23
|
| 100 |
|
|
|a চট্রোপাধ্যায়, সুনীতিকুমার
|9 47264
|
| 245 |
|
|
|a বিশ্বমনা :
|b রবীন্দ্রনাথ /
|c সুনীতিকুমার চট্রোপাধ্যায়; সংকলক বারিদবরণ ঘোষ
|
| 260 |
|
|
|a কলকাতা :
|b রুপা অ্যান্ড কোম্পানী,
|c ১৯৯১
|
| 300 |
|
|
|a ২০১ পৃষ্ঠা ;
|c ২৩ সে.মি.
|
| 541 |
|
|
|a Donated by Akbar Ali Khan
|e 38203
|
| 600 |
|
|
|c Tagore, Rabindranath,
|d 1861-1941
|x Criticism and interpretation.
|9 47265
|
| 650 |
|
|
|a Bengali literature.
|9 47266
|
| 700 |
|
|
|a ঘোষ, বারিদবরণ
|9 47267
|
| 852 |
|
|
|a Ayesha Abed Library
|c Akbar Ali Khan Collection
|
| 942 |
|
|
|2 ddc
|c BK
|
| 952 |
|
|
|0 0
|1 0
|2 ddc
|4 0
|6 891_440000000000000_CHA
|7 1
|9 70230
|a BRACUL
|b BRACUL
|c AAKC
|d 2022-03-22
|e Donated by Akbar Ali Khan
|l 0
|o 891.44 CHA
|p 3010038203
|r 2022-03-22
|t 1
|w 2022-03-22
|y BK
|